LEADER 00975cam0 22002773 450 001 SOB004233 005 20201221094716.0 010 $a8831763962 100 $a20040211h1992 |||||ita|0103 ba 101 $aita 102 $aIT 200 1 $aStoria dell'Italia repubblicana$eL'economia, la politica, la cultura, la società dal dopoguerra agli anni '90$fSilvio Lanaro 210 $aVenezia$cMarsilio$dc1992 215 $aVI, 566 p.$d20 cm 225 2 $aSupertascabili Marsilio$v8 410 1$1001LAEC00016173$12001 $a*Supertascabili Marsilio$v8 700 1$aLanaro$b, Silvio$3AF00005468$4070$0124411 801 0$aIT$bUNISOB$c20201221$gRICA 850 $aUNISOB 852 $aUNISOB$j900$m104767 912 $aSOB004233 940 $aM 102 Monografia moderna SBN 941 $aM 957 $a900$b003678$gSI$d104767$racquisto$1pregresso1$2UNISOB$3UNISOB$420120228123927.0$520120511120231.0$6carrano 996 $aStoria dell'Italia repubblicana$9445137 997 $aUNISOB